000 00466pab a2200169 454500
008 180718b2005 xxu||||| |||| 00| 0 eng d
100 _aSamakovlis, Eva, et al.
245 _aValuing health effects of air pollution: focus on concentration-response functions
260 _c2005
300 _ap.230-49.
362 _aSep
650 _aHealth services
650 _aPollution
650 _aAir pollution
773 _aJournal of Urban Economics
909 _a67545
999 _c67545
_d67545